| 000 | 00535nam a2200157 a 4500 | ||
|---|---|---|---|
| 001 | 1625 | ||
| 005 | 20140414131933.0 | ||
| 008 | 001117s19uu xx 00 eng d | ||
| 020 | _a981-01-0092-2 | ||
| 050 |
_aREF 423 _bT48 1988 |
||
| 245 |
_aTime first learners' thesaurus : _ba dictionary of related words designed to increase children's word power / _cillustrated by Jennifer Marchant. |
||
| 260 |
_aSingapore : _bFederal, _c1988. |
||
| 300 | _a116 p. ; cm. | ||
| 650 | _aEnglish language -- Synonyms and antonyms. | ||
| 999 |
_c112322 _d112322 |
||